| 000 | 00700nam a22002291 4500 | ||
|---|---|---|---|
| 001 | 134178 | ||
| 003 | ES-MaACL | ||
| 005 | 20230906194621.0 | ||
| 007 | t| | ||
| 008 | 070906s1964 sp ||||0| spa d | ||
| 016 | 7 | _zIND2000943747 | |
| 040 |
_aM-BN _bspa _cCDM |
||
| 080 | _a330.85(729.1) | ||
| 080 | _a32(729.1)"1959/..." | ||
| 100 | 1 |
_aWeyl, Nathaniel. _9116603 |
|
| 245 | 1 | 0 |
_aEstrella roja sobre Cuba _b: el asalto soviético al hemisferio occidental / _cNathaniel Weyl. |
| 260 |
_aGuadalajara : _bNos, _c[1964] |
||
| 300 |
_a270 p. ; _c20 cm. |
||
| 650 | 1 | 4 |
_aComunismo- _zCuba. _911216 |
| 651 | 4 |
_aCuba- _xPolítica y gobierno- _y1959- _9165118 |
|
| 852 |
_aES-MaACL _jC-27155 _bR.56086 |
||
| 999 |
_c134178 _d134178 |
||